Normale Ansicht MARC-Ansicht ISBD

Corpszeitung der Silesia-Breslau zu Frankfurt (Oder) / (Titelsatznr. 75275)

[ MARC ]
MARC-Details
000 -Satzkennung
Kontrollfeld mit fester Länge 00944nam a2200313 4500
001 - Kontrollnummer
Kontrollfeld 14795
003 - Kontrollnummer Identifier
Kontrollfeld OSt
005 - Datum und Zeit der letzten Transaktion
Kontrollfeld 20240305122813.0
007 - Feld mit fester Länge zur physischen Beschreibung - Allgemeine Information
Kontrollfeld mit fester Länge tu
008 - Feld mit fester Länge zur physischen Beschreibung - Allgemeine Angaben
Kontrollfeld mit fester Länge 080220|||||||||||| ger
040 ## - Katalogisierungsquelle
Original-Katalogisierungsstelle DE-2950
Übertragungsstelle DE-2950
245 00 - Titel
Titel Corpszeitung der Silesia-Breslau zu Frankfurt (Oder) /
Verfasserangabe etc. Hrsg.: Verein Breslauer Schlesier e.V.
247 ## - Früherer Titel
Titel Corpszeitung der Silesia Breslau
247 ## - Früherer Titel
Titel Corpszeitung der Borusso-Silesia
264 ## - Produktion, Veröffentlichung, Distribution, Herstellung und Urheberrechtsvermerk
Herstellungs-, Veröffentlichungs- Vertriebs-, Erzeugungsort Frankfurt (O.)
310 ## - Aktuelle Erscheinungsfrequenz
Aktuelle Erscheinungsfrequenz 2 x jährlich
365 ## - Handelspreis
Währungscode
500 ## - Allgemeine Fußnote
Allgemeine Fußnote 1. H. 196-204; 2. H. 205-212; 3. H. 211- 220; 4. H. 221-229, 5. H. 231-234, 6. 235-238, 7. 239-242
500 ## - Allgemeine Fußnote
Allgemeine Fußnote 79.(1999) H. 196 - 102. (2022) H. 242
515 ## - Fußnote zu Besonderheiten der Zählung
Fußnote zu Besonderheiten der Zählung halbjährlich
546 ## - Fußnote zur Sprache
Sprache deutsch
650 04 - Nebeneintragung unter einem Schlagwort - Sachschlagwort
Sachschlagwort oder geografischer Name als Eintragungselement Studentenvereinigung
650 04 - Nebeneintragung unter einem Schlagwort - Sachschlagwort
Sachschlagwort oder geografischer Name als Eintragungselement Frankfurt (Oder)
650 04 - Nebeneintragung unter einem Schlagwort - Sachschlagwort
Sachschlagwort oder geografischer Name als Eintragungselement Chorps
653 ## - Indexierungsterm - Nicht normiert
Nicht-normierter Term Korps
653 ## - Indexierungsterm - Nicht normiert
Nicht-normierter Term Altherrenverein
942 ## - Zusätzliche Felder (Koha)
Klassifikation oder Aufstellungssystematik Andere/Generische Klassifikation
Koha-Medientyp Zeitschriften
Exemplare
Ausgeschieden Verloren Klassifikation oder Aufstellungssystematik Beschädigt Nicht entleihbar Heimatbibliothek Aufenthaltsbibliothek Erwerbungsdatum Kodierter Standort-Qualifier Anzahl Ausleihen Signatur Letzte Aktivität Preis gültig von Koha-Medientyp
    Andere/Generische Klassifikation     Stadtarchiv Frankfurt (Oder) | Archivbibliothek Stadtarchiv Frankfurt (Oder) | Archivbibliothek 25/11/2020 M   IV: 1343 25/11/2020 25/11/2020 Zeitschriften